| Tag |
First Indicator |
Second Indicator |
Subfields |
| LEADER |
00000cam a2200000 i 4500 |
| 001 |
in00005501310 |
| 003 |
OCoLC |
| 005 |
20250730155408.6 |
| 008 |
240611t20242024maua b 001 0 eng d |
| 035 |
|
|
|a (OCoLC)1437987737
|
| 040 |
|
|
|a YDX
|e rda
|c YDX
|d COO
|d BWK
|
| 020 |
|
|
|a 1685690491
|q hardcover
|
| 020 |
|
|
|a 9781685690496
|q hardcover
|
| 050 |
|
4 |
|a TK7871.89.L53
|b A36 2024
|
| 082 |
0 |
|
|a 621.381522
|2 23
|
| 100 |
1 |
|
|a Ahmed, Khaled,
|e author.
|
| 245 |
1 |
0 |
|a MicroLED devices and systems /
|c Khaled Ahmed.
|
| 264 |
|
1 |
|a Boston :
|b Artech House,
|c [2024].
|
| 264 |
|
4 |
|c ©2024.
|
| 300 |
|
|
|a xx, 308 pages :
|b illustrations ;
|c 24 cm.
|
| 336 |
|
|
|a text
|b txt
|2 rdacontent
|
| 337 |
|
|
|a unmediated
|b n
|2 rdamedia
|
| 338 |
|
|
|a volume
|b nc
|2 rdacarrier
|
| 490 |
1 |
|
|a Artech House applied photonics library
|
| 504 |
|
|
|a Includes bibliographical references and index.
|
| 520 |
|
|
|a MicroLEDs Devices and Systems introduces a theoretical framework, validated by experiments, in the form of a number of white-box analytic or semi-analytic mathematical models that are based on physics. It aims to assist in the design and manufacture of the best MicroLED devices for various applications, such as mobile displays, television displays, augmented reality and data communication systems. This resource demonstrates the importance of MicroLEDs in addressing power consumption in mobile displays, brightness in television displays, augmented reality and parallel optical interconnect in data centers and artificial intelligence computer systems. With the mobile display industry's revenue exceeding
|5 0 billion in 2020 and projected to be a significant portion of the display market by 2026, the importance of MicroLED technology is highlighted in this resource. It provides models for display systems and data communication systems to help system engineers understand and assess the gaps between commercially available MicroLEDs versus what is needed for a specific system. Furthermore, the book addresses the emerging role of MicroLEDs in data communication, highlighting their potential to improve energy consumption, data rate, latency and cost in semiconductor chip communication. This book is intended for engineers who desire to begin with physics-based intuition to design MicroLED-based systems within 80% accuracy, then follow with running experiments and more sophisticated models to capture the top 20% of design accuracy. This 80-20 approach is proven to work in many fields including the semiconductor industry.
|
| 650 |
|
0 |
|a Light emitting diodes.
|
| 830 |
|
0 |
|a Artech House applied photonics library.
|
| 945 |
|
|
|b 186058
|
| 947 |
|
|
|a A14851343047
|
| 948 |
|
|
|a dmitchel 7/30/25 10.50.40
|
| 980 |
|
|
|b print
|c 40032435127
|f NONFIC/B
|g 565714
|k USD
|m 119.20
|q 1
|s AcqMono Conventional
|t Approval plan
|u Vendor order reference number
|v ZYBP
|y Print approval
|z Physical resource
|
| 999 |
f |
f |
|i 946a2264-20db-4209-800a-bdfd1ff3de89
|s 5af1157a-2e58-4a10-8aac-4d5da5ff51ea
|t 0
|
| 952 |
f |
f |
|p normal
|a Texas A&M University
|b College Station
|c Sterling C. Evans Library
|s Evans stk
|d Evans: Library Stacks
|t 0
|e TK7871.89.L53 A36 2024
|h Library of Congress classification
|i unmediated -- volume
|m A14851343047
|